00831nam a22002172i 450000100060000000300080000600500170001400800410003103500190007204000320009104100080012308200240013110000380015524501080019326000600030130000550036165000370041694200120045399900170046595201310048226283BD-RjUL20211209051008.0140322s1976 ko cf 000 0 eng d a(BD-RjUL)26353 aDLCcDLCdEQOdBD-RjULbeng aeng a327.09046bKIN 19761 aKim, Il-sŏng,d1912-199498081614aThe non-alignment movement is a mighty anti-imperialist revolutionary force of our times /cKim Il Sung aPyongyang, Korea :bForeign Languages Pub. House,c1976 a322 p., [1] leaf of plates :bill., port. ;c22 cm 0aWorld politicsy1965-1975911969 2ddccBK c26283d26283 00102ddc40728NFICaRUCLbRUCLcReadingd1978-02-16eKoreal0o327.09046 KIN 1976r2014-03-22 00:00:00tC-1w2014-03-22yBK